Statistiken für FC Schalke 04 - Bundesliga-Rekordspieler (TOP 50)

Klicken Sie hier um das Quiz zu spielen!

Allgemein

  • Dieses Quiz wurde 54 mal gespielt
  • Das Durchschnittsergebnis liegt bei 20 aus 50

Antwortstatistiken

PlatzNameNationGeburtstagEinsätze% Korrekt
4Klaus FischerDeutschland27.12.1949295
88%
27Klaas-Jan HuntelaarNiederlande12.08.1983184
86%
10Benedikt HöwedesDeutschland29.02.1988240
76%
14Ebbe SandDänemark19.07.1972214
73%
31Jefferson FarfánPeru26.10.1984170
73%
39Manuel NeuerDeutschland27.03.1986156
73%
5Olaf ThonDeutschland01.05.1966295
71%
23Joel MatipKamerun / Deutschland08.08.1991194
69%
7Gerald AsamoahDeutschland03.10.1978279
65%
33Marcelo BordonBrasilien / Italien07.01.1976168
63%
45Marc WilmotsBelgien22.02.1969138
63%
15Ralf FährmannDeutschland27.09.1988212
63%
1Klaus FichtelDeutschland19.11.1944477
59%
8Mike BüskensDeutschland19.03.1968257
57%
50Frank RostDeutschland30.06.1973130
53%
36Kevin KuranyiDeutschland / Panama02.03.1982162
53%
34Levan KobiashviliGeorgien10.07.1977168
53%
2Norbert NigburDeutschland08.05.1948355
51%
24Stan LibudaDeutschland10.10.1943190
51%
21Jens LehmannDeutschland10.11.1969200
49%
9Jiri NemecTschechien15.05.1966256
49%
13Ingo AnderbrüggeDeutschland02.01.1964216
47%
42Max MeyerDeutschland18.09.1995146
47%
20Andreas MüllerDeutschland13.12.1962201
41%
28Youri MulderNiederlande23.03.1969177
41%
40RafinhaBrasilien / Deutschland07.09.1985153
39%
49Mladen KrstajicSerbien / Deutschland04.03.1974131
35%
18Rüdiger AbramczikDeutschland18.02.1956202
35%
16Erwin KremersDeutschland24.03.1949212
33%
12Helmut KremersDeutschland24.03.1949226
33%
26Radoslav LatalTschechien06.01.1970187
31%
3Rolf RüssmannDeutschland13.10.1950304
31%
11Yves EigenrauchDeutschland24.04.1971229
31%
41Marco van HoogdalemNiederlande23.05.1972151
27%
44Tomasz WaldochPolen / Deutschland10.05.1971141
27%
46Nico Van KerckhovenBelgien14.12.1970134
24%
47Niels Oude KamphuisNiederlande14.11.1977134
22%
29Thomas LinkeDeutschland26.12.1969175
20%
30Friedel RauschDeutschland27.02.1940170
12%
6Herbert LütkebohmertDeutschland24.03.1948286
12%
35Klaus ScheerDeutschland04.10.1950165
8%
48Hannes BongartzDeutschland03.10.1951131
6%
17Jürgen SobierayDeutschland02.11.1950210
6%
25Mathias SchipperDeutschland23.09.1957189
6%
32Ulrich BittcherDeutschland10.09.1957168
6%
37Bernd ThieleDeutschland24.01.1956162
4%
19Hans-Jürgen BecherDeutschland21.09.1941201
4%
38Michael OpitzDeutschland16.07.1962158
4%
22Thomas KruseDeutschland07.09.1959199
4%
43Gerhard NeuserDeutschland29.10.1938143
2%

Verteilung der Resultate

Perzentil nach korrekt beantworteten Fragen

Anzahl Personen mit jedem Resultat

Ihre Resultats-Entwicklung

Sie haben dieses Quiz noch nicht gespielt